Právna úprava reklamy v oblasti finančného sprostredkovania a finančného poradenstva diplomová práca

Salvato in:
Dettagli Bibliografici
Autore principale: Szabó, Erik
Ente Autore: Obchodná fakulta EU. Katedra obchodného práva
Altri autori: Winkler, Martin, 1975-
Natura: Libro
Lingua:slovacco
Pubblicazione: Bratislava 2022
Tags: Aggiungi Tag
Nessun Tag, puoi essere il primo ad aggiungerne!!

MARC

LEADER 00000nbm a2200000 4500
001 0284361
005 20230120095811.7
041 0 |a slo 
044 |a SK 
245 1 0 |a Právna úprava reklamy v oblasti finančného sprostredkovania a finančného poradenstva  |b diplomová práca  |c Erik Szabó ; školiteľ: Martin Winkler 
264 1 |a Bratislava  |c 2022 
300 |a 64 s. 
100 1 |a Szabó, Erik 
700 1 |a Winkler, Martin, 1975- 
710 2 |a Obchodná fakulta EU. Katedra obchodného práva